Čítanka pre 3. ročník špeciálnych základných škôl 1. časť

Bibliographic Details
Main Authors: Maňková, Veronika (Author), Demianičová, Anna (Author)
Other Authors: Lengyel, Ján, 1947- (Illustrator)
Format: Book
Language:Slovak
PhysicalDescription:72 s. fareb. ilustr. 29 cm
Published: Bratislava Slovenské pedagogické nakladateľstvo 2008
ISBN:9788010015153
Edition:5. vyd.
Subjects:

MARC

LEADER 00000nam a2200000 a 4500
001 vtls009453374
003 SK-MaSNL
005 20260301081948.0
008 240315s2008 xo a c p 000 0 slo
015 |a SNBA2008/12-05391 
020 |a 9788010015153  |q (brož.) 
035 |a DF8E06AE-B4BA-4ED0-B8F4-CFC24521EF0E 
035 |a urn:nbn:sk:snk-amjvsl 
035 |a urn:nbn:sk:snk-am00850h 
040 |a SNK  |b slo  |c SNK  |e AACR2 
041 0 |a slo 
044 |a xo  |c SK 
072 7 |a 37.016  |x Učebné osnovy. Vyučovacie predmety. Učebnice  |2 konspekt 
080 |a 37.016:028-028.31  |2 2001 
080 |a (075.2)  |2 2001 
100 1 |a Maňková, Veronika  |4 aut  |9 21466 
245 1 0 |a Čítanka pre 3. ročník špeciálnych základných škôl  |n 1. časť  |c [Veronika Maňková, Anna Demianičová ; ilustrácie: Ján Lengyel] 
250 |a 5. vyd. 
260 |a Bratislava  |b Slovenské pedagogické nakladateľstvo  |c 2008 
300 |a 72 s.  |b fareb. ilustr.  |c 29 cm 
650 0 7 |a čítanie  |2 SNKPH  |9 1654 
651 7 |a Reading (Anglicko)  |2 SNKPHeng  |9 183410 
655 7 |a učebnice špeciálnych základných škôl  |2 SNKPH  |9 70204 
655 7 |a čítanky  |2 SNKPH  |9 60817 
655 7 |a Textbooks (elementary)  |2 SNKPHeng  |9 276977 
655 7 |a Primers  |2 SNKPHeng  |9 326147 
700 1 |a Demianičová, Anna  |4 aut  |9 43383 
700 1 |a Lengyel, Ján,  |d 1947-  |4 ill  |9 228477 
919 |a 978-80-10-01515-3 
958 |a OND 
968 |d 37 
999 |c 657293  |d 659223 
952 |a SNK  |b SNK  |y PREZ  |7 0  |p 17A0607155  |o snkSB 75961/1  |i snk2008/23256  |8 0  |0 0  |1 0  |4 0  |d 2008-12-09  |f 1  |l 0  |r 2025-04-30 00:00:00  |w 2026-02-23 
952 |a SNK  |b SNK  |y VYP  |7 0  |p 17A0607156  |o snkSB 75961/1 D1  |i snk2008/23257  |8 0  |0 0  |1 0  |4 0  |d 2008-12-09  |l 0  |r 2016-06-30 00:00:00  |w 2026-02-23